00937cam a2200253 a 4500001000400000003001000004005001700014008004100031020001800072040002500090080001700115090001800132100003300150245015900183260003800342300002700380504002500407650005000432650002700482650002700509942001200536952012200548999001300670227BR-CuiBMT20231028193619.0230904s2016 mgba 000 0 por d a9788545001416 aBR-CuiBMTcBR-CuiBMT 22007a340.62 a340.62bS586i1 aSilva, Maria Stela Campos da10aIncentivos tributários como política extrafiscal afirmativa do acesso à saúde /cMaria Stela Campos da Silva ; prefácio Calilo Jorge Kzan Neto. aBelo Horizonte :bFórum,c2016. a246 p. :bil. ;c22 cm aInclui bibliografia. aDireito à saúdexIncentivos tributários aDireito administrativo aPolíticas públicas 2udccLV 00102udc4070aBIBTCEMTbBIBTCEMTd2023-07-28l0o340.62 S586ipBIBTCEMT23090002r2023-09-04tEx. 1w2023-09-04yLV c227d227